000 00368nam a2200145 i 4500
001 bg
245 1 0 _aEkonomia polityczna.
_nT. 2,
_pSocjalizm /
_cpod red. T. Obrębskiego.
260 _aWarszawa,
_c1983.
700 1 _aObrębski, Tadeusz.
_eRed.
040 _cBPK
041 _apol
080 _a330(075.8)
942 _cKS
008 s pl f |000 0 pol
999 _c22075
_d22075
856 _uhttp://koha.tu.koszalin.pl/cgi-bin/koha/opac-detail.pl?biblionumber=22075
_yKatalog online BPK